General climatology (Record no. 21073)

MARC details
000 -LEADER
fixed length control field 00327nam a2200133Ia 4500
082 ## - DEWEY DECIMAL CLASSIFICATION NUMBER
Classification number 551.58
Item number CRI;1
100 ## - MAIN ENTRY--AUTHOR NAME
Personal name Critchfield, Howard J
245 #0 - TITLE STATEMENT
Title General climatology
250 ## - EDITION STATEMENT
Edition statement Ed.3
260 ## - PUBLICATION, DISTRIBUTION, ETC. (IMPRINT)
Place of publication New Delhi
Name of publisher Prentice Hall
Year of publication 1975
650 ## - SUBJECT ADDED ENTRY--TOPICAL TERM
Topical Term Climatology
942 ## - ADDED ENTRY ELEMENTS (KOHA)
Koha item type Books
Holdings
Withdrawn status Lost status Damaged status Not for loan Home library Current library Date acquired Cost, normal purchase price Full call number Accession Number Koha item type
        RRII Library RRII Library 16/12/2021 20.00 551.58 CRI;1 01795 Books